000 00485nam a2200157Ia 4500
008 210210b2001 xxu||||| |||| 00| 0 eng d
020 _a81 204 1487 X
082 _a574.5 JAMB
100 _aJAMIL (Kaiser).
245 _aBioindicators and biomarkers of environmental pollution and risk assessment.
260 _aND
_bOxford & I B H Publishing Co.,
_c2001
300 _axiii,204
650 _aBioindicators biomarkers environmental pollution
690 _aEcology
906 _a058968
999 _c105926
_d105926